00298nam a2200109 a 450000500170000000800410001705000210005810000210007924500380010030000320013865000180017020140310183211.0970101s19uu xx 00 eng d aQP 36 b.M2 2002 aMader, Sylvia S. aHuman biology /cSylvia S. Mader. a1-18bcol. , ill. ;c28 cm. aHuman biology